<?xml version="1.0" encoding="UTF-8"?>
<record
    xmlns:xsi="http://www.w3.org/2001/XMLSchema-instance"
    xsi:schemaLocation="http://www.loc.gov/MARC21/slim http://www.loc.gov/standards/marcxml/schema/MARC21slim.xsd"
    xmlns="http://www.loc.gov/MARC21/slim">

  <leader>01534cam a2200253   4500</leader>
  <controlfield tag="001">sa 65005316 </controlfield>
  <controlfield tag="003">DLC</controlfield>
  <controlfield tag="005">20260227112137.0</controlfield>
  <controlfield tag="008">891115m19599999ii ab    b   s00010 eng  </controlfield>
  <datafield tag="010" ind1=" " ind2=" ">
    <subfield code="a">sa 65005316 //r904</subfield>
    <subfield code="z">   88901667 </subfield>
  </datafield>
  <datafield tag="025" ind1=" " ind2=" ">
    <subfield code="a">I-E-2098</subfield>
  </datafield>
  <datafield tag="040" ind1=" " ind2=" ">
    <subfield code="a">DLC</subfield>
    <subfield code="c">DLC</subfield>
    <subfield code="d">DLC</subfield>
  </datafield>
  <datafield tag="043" ind1=" " ind2=" ">
    <subfield code="a">a-ii---</subfield>
  </datafield>
  <datafield tag="050" ind1="0" ind2="0">
    <subfield code="a">DS485.U61</subfield>
    <subfield code="b">U88 1959</subfield>
  </datafield>
  <datafield tag="082" ind1="0" ind2="0">
    <subfield code="a">915.4/2/003</subfield>
  </datafield>
  <datafield tag="245" ind1="0" ind2="0">
    <subfield code="a">Uttar Pradesh district gazetteers.</subfield>
  </datafield>
  <datafield tag="260" ind1="0" ind2=" ">
    <subfield code="a">[Lucknow]</subfield>
    <subfield code="b">Govt. of Uttar Pradesh</subfield>
    <subfield code="c">[1959-&lt;1993   &gt;</subfield>
  </datafield>
  <datafield tag="300" ind1=" " ind2=" ">
    <subfield code="a">v. &lt;1-54   &gt; :</subfield>
    <subfield code="b">illus., fold. col. maps.</subfield>
    <subfield code="c">25 cm.</subfield>
  </datafield>
  <datafield tag="440" ind1=" " ind2="0">
    <subfield code="a">Gazetteer of India</subfield>
  </datafield>
  <datafield tag="504" ind1=" " ind2=" ">
    <subfield code="a">Includes bibliographies.</subfield>
  </datafield>
  <datafield tag="505" ind1="1" ind2=" ">
    <subfield code="a">Holdings listed alphabetically.  LC has: Agra.--Agra. Supplementary.--Aligarh.--Allahabad.--Almora.--Azamgarh.--Bahraich.--Ballia.--Banda.--Bara Banki.--Bara Banki. Supplementary.--Bareilly.--Basti.--Bijnor.--Budaun.--Bulandshahr.--Chamoli.--Dehra Dun.--Deoria.--Etah.--Etawah.--Faizabad.--Faizabad. Supplementary.--Farrukhabad.--Fatehpur.--Garhwal.--Ghazipur.--Gonda.--Gorakhpur.--Hamirpur.--Hardoi.--Jalaun.--Jaunpur.--Jhansi.--Jhansi. Supplementary.--Kanpur.--Kheri.--Lucknow.--Lucknow. Supplementary.--Mainpur.--Mathura.--Meerut.-Meerut. Supplementary.--Mirzapur.--Moradabad.--Muzaffarnagar.--Naini Tal.--Pilibhit.--Pithoragarh.--Pratapgarh.--Rae Bareli.--Rampur.--Saharanpur Shahjahanpur.--Sitapur.--Sitapur supplementary.--Sultanpur.--Tehri Garhwal.--Unnao.--Uttarkashi.--Varanasi.--Varanasi supplementary.</subfield>
  </datafield>
  <datafield tag="651" ind1=" " ind2="0">
    <subfield code="a">Uttar Pradesh (India)</subfield>
  </datafield>
  <datafield tag="710" ind1="1" ind2="0">
    <subfield code="a">Uttar Pradesh (India)</subfield>
  </datafield>
  <datafield tag="999" ind1=" " ind2=" ">
    <subfield code="c">64238</subfield>
    <subfield code="d">64238</subfield>
  </datafield>
</record>
